[Event "BCF-ch U15"]
[Site "Bournemouth"]
[Date "2016.08.02"]
[Round "4"]
[White "Stefanoni, Leonardo"]
[Black "Smith, Sarah E"]
[Result "0-1"]
[WhiteElo "1375"]
[BlackElo "1471"]
[PlyCount "64"]
[EventDate "2016.07.31"]
[EventType "swiss"]
[EventRounds "7"]
[EventCountry "ENG"]
[SourceTitle "CBM 173 Extra"]
[Source "ChessBase"]
[SourceDate "2016.08.29"]
[SourceVersion "1"]
[SourceVersionDate "2016.08.29"]
[SourceQuality "1"]

1. e4 d5 2. Nf3 Bg4 3. e5 e6 4. h3 Bh5 5. Nc3 Nd7 6. g4 Bg6 7. d3 c5 8. Bf4 Qa5 9. Bd2 Qc7 10. Nb5 Qb6 11. Nc3 Ne7 12. Bg2 Nc6 13. Qe2 Qxb2 14. Rb1 Qxc2 15. Bf1 Nb4 16. Rxb4 cxb4 17. Nd4 Qxd3 18. Qxd3 Bxd3 19. Bxd3 bxc3 20. Bxc3 Nxe5 21. Bb5+ Ke7 22. f4 Nd7 23. 0-0 a6 24. Ba4 Nb6 25. Bb4+ Kd8 26. Ba5 Bc5 27. Rd1 Ke7 28. Bc2 Rac8 29. Kh1 Bxd4 30. Rxd4 Rxc2 31. Bxb6 Rhc8 32. f5 Rb2 0-1

[Event "BCF-ch U15"]
[Site "Bournemouth"]
[Date "2016.07.31"]
[Round "1"]
[White "Nayak, Raghav"]
[Black "Stefanoni, Leonardo"]
[Result "1-0"]
[WhiteElo "1676"]
[BlackElo "1375"]
[PlyCount "29"]
[EventDate "2016.07.31"]
[EventType "swiss"]
[EventRounds "7"]
[EventCountry "ENG"]
[SourceTitle "CBM 173 Extra"]
[Source "ChessBase"]
[SourceDate "2016.08.29"]
[SourceVersion "1"]
[SourceVersionDate "2016.08.29"]
[SourceQuality "1"]

1. e4 e6 2. d4 d5 3. Nd2 dxe4 4. Nxe4 Bd7 5. Nf3 Bc6 6. Bd3 Nd7 7. c4 Ngf6 8. Nc3 Be7 9. h3 Nb6 10. Be3 0-0 11. 0-0 Re8 12. Ne5 Bb4 13. Bc2 Bxc3 14. bxc3 Ne4 15. Nxc6 1-0